| 000 | 02440nam a2200493 a 4500 | ||
|---|---|---|---|
| 100 | 1 |
_aАрнаудов, Михаил Петров _933558 |
|
| 999 |
_c123712 _d123712 |
||
| 003 | BLK | ||
| 005 | 20240313005504.0 | ||
| 008 | 180409b bul|||||r ||||||| ||bul|| | ||
| 010 | _aKNG00129375000 | ||
| 040 | _aBLK | ||
| 041 |
_aBUL _cBUL |
||
| 072 | 7 |
_2bullib _aА _xФонд Михаил Арнаудов |
|
| 080 |
_aНемска литература _b821.112.2 _x(092) _z821.112.2(092) |
||
| 080 |
_aНемска литература _b821.112.2 _x.09 _z821.112.2.09 |
||
| 080 |
_aНемски писател, поет, драматург, хуманист, учен, философ и политик _b929 Гьоте, Йохан Волфганг фон _z929 Гьоте, Йохан Волфганг фон |
||
| 139 |
_aАрнаудов, Михаил Петров _bГ 97 |
||
| 245 | 1 | 0 |
_aГьоте _bЧовек, поет, мислител : Биогр. и страници от съчиненията му _cМихаил Петров Арнаудов. |
| 250 | _a2. изд. | ||
| 257 | _aBGR | ||
| 260 |
_bНар. просв. _c1967 _fСофия : Д. Благоев _aСофия |
||
| 300 |
_a207 с. _c21 см _b1 л. портр. |
||
| 380 | _a82 | ||
| 490 |
_9396381 _aЧастна колекция - Академик Михаил Арнаудов _gДарение - Основен фонд |
||
| 500 | _a1. изд. 1932 изд. на печ. Художник. - 18 079 тир. - Фонд Михаил Арнаудов - Автограф с текст На милата ми внучка Михаила и на обичния ми Добри от дядо им Михаил Владая. 5.ІІІ.67. - Мека подв. | ||
| 650 | 4 |
_aГьоте, Йохан Фолфганг фон _9152737 |
|
| 650 | 4 |
_aПоети, немски _9247616 |
|
| 651 | 4 |
_aГермания _9178754 |
|
| 653 | _aнемски писатели | ||
| 653 | _aЙохан Гьоте | ||
| 653 | _aбиографии | ||
| 653 | _aтворчество | ||
| 659 | _aА | ||
| 852 |
_aЦб 40155 _bЦб |
||
| 852 |
_aМА 33 _bМА |
||
| 856 | 4 | _qpdf | |
| 856 | 4 | _qpdf | |
| 942 |
_cKNG _n0 _s1 |
||
| 944 |
_aCR _c29.03.2012 _lCRON CRON _k |
||
| 944 |
_aED _c19.10.2016 _l29.03.2012 - от С1,Р / 29.03.2012 _kГеновева_Генчева |
||
| 999 | _d123712 | ||
| 999 | _d123712 | ||
| 999 | _d123712 | ||